书目信息 |
| 题名: |
当代美国文化
|
|
| 作者: | 朱世达 著 | |
| 分册: | ||
| 出版信息: | 北京 社会科学文献出版社 2001 |
|
| 页数: | 362页 | |
| 开本: | 20cm | |
| 丛书名: | 当代美国丛书 | |
| 单 册: | ||
| 中图分类: | G171.2 | |
| 科图分类: | ||
| 主题词: | 文化事业--概况--世界 , 文化事业--基本建设 | |
| 电子资源: | ||
| ISBN: | 7-80149-513-6 | |
| 000 | 00644nam0 2200229 45 | |
| 001 | 0207020923 | |
| 005 | 20031219104056.9 | |
| 010 | @a7-80149-513-6@dCNY18.00 | |
| 100 | @a20020702d2001 km y0chiy0120 ea | |
| 101 | 0 | @achi |
| 105 | @a z 000yy | |
| 200 | 1 | @a当代美国文化@ADang Dai Mei Guo Wen Hua@f朱世达著@FZhu Shi Da Zhu |
| 210 | @a北京@c社会科学文献出版社@d2001 | |
| 215 | @a362页@d20cm | |
| 225 | @a当代美国丛书 | |
| 410 | @12001 @a当代美国丛书 | |
| 606 | 0 | @a文化事业@x概况@x世界 |
| 606 | 0 | @a文化事业@x基本建设 |
| 690 | @aG171.2@v4 | |
| 701 | 0 | @a朱世达@4著 |
| 801 | @aCN@bTSTC@c20020702 | |
| 905 | @b313430-434@dG171.2@e55@f5 | |
| 当代美国文化/朱世达著.-北京:社会科学文献出版社,2001 |
| 362页;20cm.-(当代美国丛书) |
| ISBN 7-80149-513-6:CNY18.00 |
| ● |
| 相关链接 |
|
|
|
|
正题名:当代美国文化
索取号:G171.2/55
 
预约/预借
| 序号 | 登录号 | 条形码 | 馆藏地/架位号 | 状态 | 备注 |
| 1 | 0313430 | 203134303 | 第四借阅区/ [索取号:G171.2/55] | 在馆 | |
| 2 | 0313431 | 203134312 | 第四借阅区/ [索取号:G171.2/55] | 在馆 | |
| 3 | 0313432 | 203134321 | 第四借阅区/ [索取号:G171.2/55] | 在馆 | |
| 4 | 0313433 | 203134330 | 第四借阅区/ [索取号:G171.2/55] | 在馆 | |
| 5 | 0313434 | 203134349 | 第一样本阅览室/ [索取号:G171.2/55] | 在馆 |